00715nam a22002057a 4500999001900000005001700019010001500036020002700051035001400078037001300092082001000105245008800115250001000203260003300213270006400246300002600310700002700336942002400363952012200387 c195414d19541420230327170925.0 aENG-136512 c895.00a 9789386714978 aEN-120044 bDBAD/PUB a181.4 aIntegral Humanism :bRevisited in conteporary India/cEdited By Shyam Kartik Sharma afirst aNEW DELHIbKUNAL BOOKSc2019 bNEW DELHIe110002a4648/21 1ST FLOOR, ANSARI ROAD,DARYAGANJ axiii 284p;c22cm(hbk) aMISHRA, KARTIKeEditor 2ddccENh181.4mINT 001040708NFICaBL4bBL4d2023-03-27eDBAD/PUBg895.00l0o181.4 INTpEN-120044r2023-03-27 00:00:00t1v895.00yEN